MARC details
| 000 -LEADER |
| fixed length control field |
01843cam a22003735a 4500 |
| 001 - CONTROL NUMBER |
| control field |
016557220 |
| 003 - CONTROL NUMBER IDENTIFIER |
| control field |
OSt |
| 005 - DATE AND TIME OF LATEST TRANSACTION |
| control field |
20160214122239.0 |
| 006 - FIXED-LENGTH DATA ELEMENTS--ADDITIONAL MATERIAL CHARACTERISTICS--GENERAL INFORMATION |
| fixed length control field |
m fq z |
| 008 - FIXED-LENGTH DATA ELEMENTS--GENERAL INFORMATION |
| fixed length control field |
131107t2014 nyua fr 000 0 eng d |
| 020 ## - INTERNATIONAL STANDARD BOOK NUMBER |
| International Standard Book Number |
9780071796224 (book and disk set) |
| 020 ## - INTERNATIONAL STANDARD BOOK NUMBER |
| International Standard Book Number |
0071796223 (book and disk set) |
| 020 ## - INTERNATIONAL STANDARD BOOK NUMBER |
| International Standard Book Number |
9780071796194 (book for set) |
| 020 ## - INTERNATIONAL STANDARD BOOK NUMBER |
| International Standard Book Number |
0071796193 (book for set) |
| 040 ## - CATALOGING SOURCE |
| Original cataloging agency |
StDuBDS |
| Language of cataloging |
eng |
| Transcribing agency |
StDuBDS |
| Modifying agency |
Uk |
| -- |
UkOxU |
| -- |
EG-ScBUE |
| -- |
EG-ScBUE |
| 082 04 - DEWEY DECIMAL CLASSIFICATION NUMBER |
| Classification number |
428.0076 |
| Item number |
COL |
| Edition number |
22 |
| 100 1# - MAIN ENTRY--PERSONAL NAME |
| Personal name |
Collins, Tim. |
| 9 (RLIN) |
38282 |
| 245 10 - TITLE STATEMENT |
| Title |
TOEFL iBT / |
| Statement of responsibility, etc |
Tim Collins, Monica Sorrenson. |
| 246 3# - VARYING FORM OF TITLE |
| Title proper/short title |
McGraw-Hill education TOEFL iBT |
| 260 ## - PUBLICATION, DISTRIBUTION, ETC. (IMPRINT) |
| Place of publication, distribution, etc |
New York : |
| Name of publisher, distributor, etc |
McGraw-Hill Education, |
| Date of publication, distribution, etc |
c.2014. |
| 300 ## - PHYSICAL DESCRIPTION |
| Extent |
vi, 744 p. : |
| Other physical details |
ill. ; |
| Dimensions |
28 cm. + |
| Accompanying material |
1 DVD-ROM. |
| 500 ## - GENERAL NOTE |
| General note |
Accompanying DVD-ROM in pocket at end of book includes 3 practice tests, practice test sections, and audio tracks for listening passages. |
| 500 ## - GENERAL NOTE |
| General note |
Cover : "Giving students the leading edge for college and career success". |
| 500 ## - GENERAL NOTE |
| General note |
Cover : "3 practice tests <br/>-Complete preparation for all TOEFL sections: reading, listening, speaking, writing.<br/>- Exercises to boost your English skills and raise your score." |
| 520 ## - SUMMARY, ETC. |
| Summary, etc |
Helps you reach the TOEFL exam score you want. This book includes 5 full-length practice tests, explained exercises, additional practice questions, and TOEFL-specific vocabulary features to accompany every lesson. |
| 650 #0 - SUBJECT ADDED ENTRY--TOPICAL TERM |
| Topical term or geographic name as entry element |
Test of English as a Foreign Language |
| Form subdivision |
Study guides. |
| Source of heading or term |
BUEsh |
| 650 #0 - SUBJECT ADDED ENTRY--TOPICAL TERM |
| Topical term or geographic name as entry element |
English language |
| General subdivision |
Examinations |
| Form subdivision |
Study guides. |
| Source of heading or term |
BUEsh |
| 650 #0 - SUBJECT ADDED ENTRY--TOPICAL TERM |
| Topical term or geographic name as entry element |
English language |
| Form subdivision |
Textbooks for foreign speakers. |
| Source of heading or term |
BUEsh |
| 650 #0 - SUBJECT ADDED ENTRY--TOPICAL TERM |
| Topical term or geographic name as entry element |
English language |
| General subdivision |
Examinations |
| Form subdivision |
Study guides. |
| Source of heading or term |
BUEsh |
| 651 ## - SUBJECT ADDED ENTRY--GEOGRAPHIC NAME |
| Source of heading or term |
BUEsh |
| 653 ## - INDEX TERM--UNCONTROLLED |
| Resource For college |
Communication and mass media |
| -- |
|
| Arrived date list |
August2015 |
| -- |
February2016 |
| 700 1# - ADDED ENTRY--PERSONAL NAME |
| Personal name |
Sorrenson, Monica. |
| 942 ## - ADDED ENTRY ELEMENTS (KOHA) |
| Source of classification or shelving scheme |
Dewey Decimal Classification |